000 00488pab a2200181 454500
008 180718b2008 xxu||||| |||| 00| 0 eng d
100 _aBourassa, Steven C.
245 _aTax deductions, tax credits and the homeownership rate of young urban adults in the United States
260 _c2008
300 _ap.1141-161.
362 _aMay
650 _aTaxation - United States
650 _aTaxation
700 _aYin, Ming
773 _aUrban Studies
908 _aN
909 _a78775
999 _c78775
_d78775